| 000 | 00452nam a2200181Ia 4500 | ||
|---|---|---|---|
| 008 | 170203s9999 xx 000 0 und d | ||
| 020 | _a0 710504128 | ||
| 050 | _a0 25.4 | ||
| 050 | _bN532 | ||
| 245 | 4 | _aThe new choice English thesaurus / | |
| 250 | _aNew edition. | ||
| 260 | _aBridlington : | ||
| 260 | _bPeter Haddock. | ||
| 300 | _a384 pages : | ||
| 300 | _c17 cm. | ||
| 650 | _aEnglish language -- | ||
| 650 | _xSynonyms and antonyms. | ||
| 999 |
_c305850 _d305850 |
||